| 000 | 00873nam a2200205Ia 4500 | ||
|---|---|---|---|
| 003 | OSt | ||
| 005 | 20241030090857.0 | ||
| 007 | ca aa aaaaa | ||
| 008 | 201103s9999 xx 000 0 und d | ||
| 040 | _cSSBUL | ||
| 041 | _abur | ||
| 082 |
_223 _a၂၉၄.၃၄၄၃ သိ _b၉၀၉၈ S-SAT |
||
| 100 | 0 |
_aသိရိန္ဒာဘိဝံသ၊ အရှင်။ (ယောဆရာတော်) _915785 |
|
| 245 | 1 | 0 |
_aယနေ့အလုပ်ယနေ့လုပ် / _cအရှင်သိရိန္ဒာဘိဝံသ။ (ယောဆရာတော်) |
| 260 |
_aရန်ကုန် ၊ _bထုတ်ဝေသူမပါ၊ _c၂၀၀၈။ |
||
| 300 |
_a၁၂၃ စာမျက်နှာ ၊ _c၁၇ စင်တီ။ |
||
| 500 | _aS-SAT: Dr. Sai Aung Tun | ||
| 650 | _aဗုဒ္ဓတရားတော် | ||
| 942 |
_2ddc _cBK1 |
||
| 999 |
_c16654 _d16654 |
||